The military and politics in Pakistan 1947-1986 (Record no. 280581)
[ view plain ]
| 000 -LEADER | |
|---|---|
| fixed length control field | 00321 a2200121 4500 |
| 001 - CONTROL NUMBER | |
| control field | 45508 |
| 082 ## - DEWEY DECIMAL CLASSIFICATION NUMBER | |
| Classification number | 355.095491 RIZ |
| 090 ## - LOCALLY ASSIGNED LC-TYPE CALL NUMBER (OCLC); LOCAL CALL NUMBER (RLIN) | |
| -- | 28667 |
| -- | 28667 |
| 100 ## - MAIN ENTRY--PERSONAL NAME | |
| Personal name | Hassan Askari Rizvi |
| 245 ## - TITLE STATEMENT | |
| Title | The military and politics in Pakistan 1947-1986 |
| 260 ## - PUBLICATION, DISTRIBUTION, ETC. | |
| Place of publication, distribution, etc. | Lahore |
| Name of publisher, distributor, etc. | Progressive publishing |
| Date of publication, distribution, etc. | 1974 |
| 300 ## - PHYSICAL DESCRIPTION | |
| Extent | xiv339 |
| 942 ## - ADDED ENTRY ELEMENTS (KOHA) | |
| Institution code [OBSOLETE] | NUST-CAE |
| Call number prefix | 355.095491 RIZ |
| Withdrawn status | Lost status | Source of classification or shelving scheme | Damaged status | Not for loan | Permanent Location | Current Location | Date acquired | Total Checkouts | Barcode | Date last seen | Date last checked out | Price effective from |
|---|---|---|---|---|---|---|---|---|---|---|---|---|
| School of Civil and Environmental Engineering (SCEE) | School of Civil and Environmental Engineering (SCEE) | 09/23/2019 | 2 | NIT-10765 | 05/23/2024 | 02/01/2024 | 09/23/2019 |
